| 000 | 00346nam a2200133 4500 | ||
|---|---|---|---|
| 040 | _c0 | ||
| 082 | _a928.914391,AHM | ||
| 100 |
_aAhmed, Umera _9134394 |
||
| 245 |
_aAab e Hayat (آبِ حیات) / _cUmera Ahmed |
||
| 260 |
_aLahore _bFeroz sans _c2017 |
||
| 300 | _a728 p.; | ||
| 650 |
_aUrdu Noval _925491 |
||
| 942 |
_2ddc _cFIC _k928.914391,AHM |
||
| 999 |
_c617382 _d617382 |
||